[Event "HSG Open"]
[Site "Hilversum NED"]
[Date "2010.07.03"]
[Round "8"]
[White "De Visser,A"]
[Black "Van den Hoogen,Arie"]
[Result "1/2-1/2"]
[WhiteElo "1883"]
[BlackElo "1998"]
[EventDate "2010.06.26"]

1. b4 e5 2. a3 d5 3. Bb2 Bd6 4. e3 Nf6 5. c4 dxc4 6. Bxc4 O-O 7. Nf3 Bg4 8.
Be2 Qe7 9. d3 Rd8 10. Nbd2 Nbd7 11. Qb3 c5 12. b5 Nb6 13. Nc4 Nxc4 14. dxc4
Rd7 15. Rd1 Rad8 16. h3 Bh5 17. Nd2 Bg6 18. Bf3 e4 19. Bxf6 gxf6 20. Be2
Bc7 21. Nb1 Ba5+ 22. Kf1 f5 23. g3 f6 24. Rxd7 Rxd7 25. Kg2 Bf7 26. Rd1 Kf8
27. Nc3 Rxd1 28. Bxd1 Bxc3 29. Qxc3 Qd6 30. Be2 Ke7 31. a4 Kd7 32. a5
1/2-1/2

[Event "HSG Open"]
[Site "Hilversum NED"]
[Date "2010.07.03"]
[Round "8"]
[White "Galje,H"]
[Black "Kampman,T"]
[Result "1-0"]
[WhiteElo "2133"]
[BlackElo "2058"]
[EventDate "2010.06.26"]

1. d4 g6 2. c4 Bg7 3. Nc3 d6 4. e4 c6 5. Be3 a6 6. a4 Qc7 7. Bd3 a5 8. Nge2
Na6 9. O-O Nb4 10. Rc1 Nxd3 11. Qxd3 Nf6 12. h3 e5 13. f4 exd4 14. Bxd4 O-O
15. Rcd1 Rd8 16. Qe3 Qe7 17. e5 dxe5 18. Bc5 Qe8 19. Rxd8 Qxd8 20. fxe5 Ne8
21. Rd1 Qc7 22. Bb6 Qe7 23. Rd8 Bxe5 24. Nf4 Kg7 25. Nd3 f6 26. Nxe5 fxe5
27. Ne4 Nc7 28. Bxc7 Qxc7 29. Qg5 Ra6 30. Qf6+ Kh6 31. Qf8+ Kh5 32. Rxc8
Qb6+ 33. c5 1-0

[Event "HSG Open"]
[Site "Hilversum NED"]
[Date "2010.07.03"]
[Round "8"]
[White "Henseler,J"]
[Black "Van de Groep,W"]
[Result "1/2-1/2"]
[WhiteElo "2073"]
[BlackElo "1970"]
[EventDate "2010.06.26"]

1. c4 f5 2. d4 Nf6 3. Nc3 g6 4. g3 Bg7 5. Bg2 d6 6. Nf3 O-O 7. O-O Qe8 8.
d5 a5 9. Be3 h6 10. Qc1 Kh7 11. Rd1 Na6 12. Nd4 Rb8 13. b3 Nh5 14. f4 Nf6
15. h3 Bd7 16. Rb1 Nc5 17. Kh2 c6 18. Qa3 Nfe4 19. Nxe4 Nxe4 20. Bxe4 fxe4
21. c5 cxd5 22. cxd6 e5 23. fxe5 Bxe5 24. Qxa5 Bxd4 25. Rxd4 Qe6 26. g4
Qxd6+ 27. Kg2 Bc6 1/2-1/2

[Event "HSG Open"]
[Site "Hilversum NED"]
[Date "2010.07.03"]
[Round "8"]
[White "Koudinov,D"]
[Black "Van den Bergh,J"]
[Result "1-0"]
[WhiteElo "2063"]
[BlackElo "2124"]
[EventDate "2010.06.26"]

1. d4 Nf6 2. c4 e6 3. Nc3 Bb4 4. Bg5 h6 5. Bh4 c5 6. d5 Bxc3+ 7. bxc3 d6 8.
e3 Qe7 9. Qc2 Nbd7 10. Nf3 Nb6 11. O-O-O Bd7 12. Rd2 O-O-O 13. Be2 g5 14.
Bg3 e5 15. h4 Nh5 16. Bh2 Ng7 17. a4 f5 18. a5 Na8 19. Qb3 Kb8 20. Rb2 Bc8
21. Nd2 f4 22. e4 g4 23. Bg1 Rdf8 24. f3 g3 25. Bd3 Kc7 26. Qb5 Kd8 27. Nb1
Rf7 28. Na3 1-0

[Event "HSG Open"]
[Site "Hilversum NED"]
[Date "2010.07.03"]
[Round "8"]
[White "Landa,K"]
[Black "Nyzhnyk,I"]
[Result "1/2-1/2"]
[WhiteElo "2655"]
[BlackElo "2544"]
[EventDate "2010.06.26"]

1. Nf3 d5 2. d4 Nf6 3. c4 dxc4 4. Qa4+ Nbd7 5. Nc3 e6 6. e4 Be7 7. Bxc4 O-O
8. Qc2 c6 9. O-O Re8 10. Bf4 Nf8 11. h3 b5 12. Bd3 a6 13. a3 Bb7 14. b4 a5
15. Rab1 Ng6 16. Be3 Nd7 17. Rfd1 axb4 18. axb4 Qb8 19. e5 Nb6 20. Ne4 Nd5
21. Nc5 Ra3 22. Rb3 Rxb3 23. Qxb3 Bxc5 24. bxc5 Qa7 25. Rb1 Ra8 26. Ng5 Qa4
1/2-1/2

[Event "HSG Open"]
[Site "Hilversum NED"]
[Date "2010.07.03"]
[Round "8"]
[White "Nagtegaal,K"]
[Black "Schroer,M"]
[Result "1-0"]
[WhiteElo "2200"]
[BlackElo "2105"]
[EventDate "2010.06.26"]

1. c4 e5 2. g3 Nf6 3. Bg2 d5 4. cxd5 Nxd5 5. Nc3 Nb6 6. Nf3 Nc6 7. O-O Be7
8. a3 O-O 9. b4 Be6 10. Rb1 f6 11. d3 Nd4 12. Nd2 c6 13. Nde4 Bf7 14. Nc5
Qc7 15. e3 Ne6 16. Nxe6 Bxe6 17. Qc2 Rad8 18. Ne4 Kh8 19. Nc5 Bf7 20. Rd1
f5 21. Bh3 g6 22. Bb2 Bf6 23. e4 Qc8 24. exf5 gxf5 25. Re1 Rfe8 26. f4 Qc7
27. Bxf5 Nd5 28. fxe5 Bxe5 29. Rxe5 Rxe5 30. Re1 Rde8 31. Rxe5 Rxe5 32. Qe2
1-0

[Event "HSG Open"]
[Site "Hilversum NED"]
[Date "2010.07.03"]
[Round "8"]
[White "Van den Bergh,B"]
[Black "Lasschuit,R"]
[Result "1-0"]
[WhiteElo "2008"]
[BlackElo "1917"]
[EventDate "2010.06.26"]

1. e4 e6 2. d3 d5 3. Nd2 Nf6 4. Ngf3 c5 5. g3 Nc6 6. Bg2 b6 7. O-O Bb7 8.
Re1 Be7 9. c3 O-O 10. e5 Nd7 11. Nf1 b5 12. h4 a5 13. Bf4 b4 14. N1h2 bxc3
15. bxc3 Rb8 16. Ng4 Kh8 17. Ng5 Qe8 18. c4 Nd4 19. cxd5 Bxg5 20. hxg5 Nb6
21. Ne3 Nxd5 22. Nxd5 Bxd5 23. Be4 Bxe4 24. Rxe4 Qb5 25. Rc1 Rfd8 26. g6
hxg6 27. Bg5 Rd5 28. Kg2 f6 29. Qh1+ Kg8 30. Bxf6 gxf6 31. Qh6 Qd7 32. Rg4
Qh7 33. Rxg6+ Kh8 34. Rh1 Rd7 35. Qf4 1-0

[Event "HSG Open"]
[Site "Hilversum NED"]
[Date "2010.07.04"]
[Round "9"]
[White "Abma,K"]
[Black "Van Brussel,B"]
[Result "1/2-1/2"]
[WhiteElo "1981"]
[BlackElo "1887"]
[EventDate "2010.06.26"]

1. d4 Nf6 2. Nf3 d6 3. Nc3 g6 4. e4 Bg7 5. Be3 c6 6. Qd2 b5 7. Bd3 Bb7 8.
a3 O-O 9. Rd1 a6 10. h4 Ng4 11. Bg5 h6 12. Bf4 e5 13. dxe5 dxe5 14. Bg3 Qe7
15. h5 g5 16. Nh2 Nxh2 17. Bxh2 Rd8 18. O-O Nd7 19. Qe3 Nf8 20. Ne2 c5 21.
Ng3 Bc8 22. Kh1 Be6 23. f3 Rac8 24. Bg1 c4 25. Be2 Nh7 26. Bf2 Bf8 27. Rxd8
1/2-1/2

[Event "HSG Open"]
[Site "Hilversum NED"]
[Date "2010.07.04"]
[Round "9"]
[White "Burton,G"]
[Black "De Rover,YH"]
[Result "0-1"]
[WhiteElo "2083"]
[BlackElo "2245"]
[EventDate "2010.06.26"]

1. e4 c6 2. c4 d5 3. exd5 cxd5 4. cxd5 Nf6 5. Nc3 Nxd5 6. Bc4 Nb6 7. Bb3 g6
8. Nf3 Bg7 9. d4 O-O 10. O-O Nc6 11. Be3 Bg4 12. h3 Bxf3 13. Qxf3 Qd7 14.
Rfd1 Na5 15. Ne4 Nxb3 16. axb3 Qd5 17. Nc5 Qxf3 18. gxf3 Nd5 19. Nxb7 Rfb8
20. Nc5 a5 21. Rac1 Rb5 22. Rc4 e6 23. Rdc1 h5 24. R1c2 Bf6 25. Kg2 Rd8 26.
f4 Ne7 27. Ne4 Kg7 28. Rc5 Rxb3 29. Nxf6 Kxf6 30. Rxa5 Nf5 31. Ra3 Rdb8 32.
Rxb3 Rxb3 33. Rd2 Ne7 34. Re2 Nd5 35. Bc1 Rb4 36. Be3 Kf5 37. Rd2 Rb3 38.
Kf3 Nxf4 39. Rc2 Nd5 0-1

[Event "HSG Open"]
[Site "Hilversum NED"]
[Date "2010.07.04"]
[Round "9"]
[White "De Jongh,Adriaan"]
[Black "Kampman,T"]
[Result "1/2-1/2"]
[WhiteElo "2227"]
[BlackElo "2058"]
[EventDate "2010.06.26"]

1. e4 e6 2. d4 d5 3. Nc3 Nc6 4. Nf3 Nf6 5. e5 Nd7 6. Bd3 f5 7. h4 Nb4 8.
Bg5 Nxd3+ 9. Qxd3 Be7 10. Ne2 O-O 11. Nf4 Nb8 12. O-O Re8 13. Rfe1 1/2-1/2

[Event "HSG Open"]
[Site "Hilversum NED"]
[Date "2010.07.04"]
[Round "9"]
[White "Lasschuit,R"]
[Black "Van den Bergh,J"]
[Result "0-1"]
[WhiteElo "1917"]
[BlackElo "2124"]
[EventDate "2010.06.26"]

1. d4 d6 2. Nf3 g6 3. g3 Bg7 4. Bg2 f5 5. O-O Nf6 6. c4 O-O 7. Nc3 Qe8 8.
h3 c6 9. b4 Na6 10. Qb3 Nc7 11. Bb2 Bd7 12. e3 h6 13. Rfd1 Qf7 14. d5 Rad8
15. Nd4 e5 16. dxe6 Nxe6 17. Rd2 Nxd4 18. exd4 g5 19. Rad1 f4 20. d5 Qh5
21. dxc6 Bxc6 22. Nd5 Bxd5 23. cxd5 Rde8 24. g4 Qg6 25. Qc2 Qf7 26. Bf3 Nd7
27. Qc7 Bxb2 28. Rxb2 Ne5 29. Qxf7+ Kxf7 30. Kg2 Rc8 31. Be4 Rc4 32. Bf5
Re8 33. Rdd2 Re7 34. Rdc2 Rec7 35. a3 Kf6 36. Rxc4 Rxc4 37. Rb1 Ke7 38. Rb2
Kd8 39. Rc2 Rxc2 40. Bxc2 Ke7 41. Bb3 Kf6 42. Kf1 Nf7 43. Ke2 Ke5 44. Kd3
Nh8 45. Bd1 Ng6 46. Bf3 b5 47. a4 a6 48. axb5 axb5 49. Be2 Ne7 50. Kc2 Nxd5
51. Bxb5 Nxb4+ 52. Kc3 Nd5+ 53. Kd2 Nc7 54. Bd7 Na6 55. Bb5 Nc5 56. Ke2 d5
57. Be8 Ne6 58. Bg6 Nd4+ 59. Kf1 Nf3 60. Bh7 Kd4 61. Kg2 Nd2 62. f3 Ke3 63.
Bg8 d4 64. Bd5 d3 65. Bc6 Nc4 0-1

[Event "HSG Open"]
[Site "Hilversum NED"]
[Date "2010.07.04"]
[Round "9"]
[White "Ten Have,R"]
[Black "Henseler,J"]
[Result "0-1"]
[WhiteElo "1654"]
[BlackElo "2073"]
[EventDate "2010.06.26"]

1. e4 c6 2. d4 d5 3. Nc3 dxe4 4. Nxe4 Nd7 5. Ng5 Ngf6 6. Bd3 e6 7. Ne2 Bd6
8. c4 O-O 9. Qc2 h6 10. h4 e5 11. Be3 exd4 12. Bxd4 Ne5 13. O-O-O Qc7 14.
Kb1 Nxd3 15. Qxd3 Be5 16. Bc5 g6 17. Bd6 Bxd6 18. Qxd6 Bf5+ 19. Ka1 Qxd6
20. Rxd6 Ne8 21. Rd4 c5 22. Rf4 hxg5 23. hxg5 f6 24. gxf6 Nxf6 25. Ng3 Bd3
26. b3 g5 27. Rf3 Bg6 28. Nf5 Bxf5 29. Rxf5 Ne4 30. Re5 Rae8 31. Rxe8 Rxe8
32. f3 Nf6 0-1

[Event "HSG Open"]
[Site "Hilversum NED"]
[Date "2010.07.04"]
[Round "9"]
[White "Van Apeldoorn,J"]
[Black "Zimmermann,L"]
[Result "1-0"]
[WhiteElo "2156"]
[BlackElo "2057"]
[EventDate "2010.06.26"]

1. e4 c5 2. Nf3 d6 3. d4 cxd4 4. Nxd4 Nf6 5. f3 e5 6. Nb3 Be7 7. c4 a5 8.
Be3 a4 9. N3d2 Qa5 10. Be2 Bd8 11. Nc3 O-O 12. Rb1 Nc6 13. c5 Be6 14. cxd6
Bb6 15. Bxb6 Qxb6 16. Nxa4 Qb4 17. Nc3 Rfd8 18. a3 Qxd6 19. Qc1 Nd4 20. Bd1
Nh5 21. g3 Bh3 22. Nc4 Qc5 23. Ne3 Rac8 24. Kf2 Nb5 25. Be2 Nd4 26. Ncd5
Qa7 27. Ne7+ Kh8 28. Nxc8 Rxc8 29. Qd1 Rc2 30. Re1 Nf4 31. gxf4 exf4 32.
Kg1 fxe3 33. Kh1 Qb6 34. Rc1 Rxc1 35. Qxc1 Qg6 36. Bf1 Bxf1 37. Qc8+ 1-0

[Event "HSG Open"]
[Site "Hilversum NED"]
[Date "2010.07.04"]
[Round "9"]
[White "Van de Groep,W"]
[Black "Koudinov,D"]
[Result "1/2-1/2"]
[WhiteElo "1970"]
[BlackElo "2063"]
[EventDate "2010.06.26"]

1. e4 e6 2. Nf3 d5 3. Nc3 c5 4. exd5 exd5 5. Bb5+ Nc6 6. O-O Bd6 7. d4 Nge7
8. dxc5 Bxc5 9. Bg5 O-O 10. Bd3 f6 11. Bf4 Bg4 12. h3 Bh5 13. g4 Bf7 14.
Ne2 Qd7 15. Ng3 Be6 16. Kg2 Ng6 17. Bxg6 hxg6 18. c3 Bb6 19. Qd3 Qf7 20.
Rfe1 Rad8 21. Be3 Bc7 22. Qb5 Bc8 23. Rad1 f5 24. Ng5 Qf6 25. gxf5 gxf5 26.
f4 a6 27. Qe2 g6 28. h4 Rfe8 29. Qf2 Kg7 30. Rh1 Rh8 31. h5 b5 32. hxg6
Qxg6 33. Rxh8 Rxh8 34. Rxd5 Rd8 35. Bd4+ Kg8 36. Qf3 Bb7 37. Kf1 Na5 38.
Rxd8+ Bxd8 39. Qe2 Nc4 40. Bc5 Bc6 41. b3 Bxg5 42. fxg5 f4 43. Nh5 f3 44.
Qe1 Nd2+ 45. Qxd2 Qxh5 46. Bg1 Qh3+ 47. Ke1 Qe6+ 48. Qe3 Qf5 1/2-1/2

[Event "HSG Open"]
[Site "Hilversum NED"]
[Date "2010.07.04"]
[Round "9"]
[White "Veldhuysen,K"]
[Black "De Visser,A"]
[Result "1/2-1/2"]
[WhiteElo "2010"]
[BlackElo "1883"]
[EventDate "2010.06.26"]

1. e4 d6 2. Nf3 Nf6 3. Nc3 e5 4. d4 Nbd7 5. Bc4 Be7 6. Ng5 O-O 7. f4 c6 8.
Bb3 exd4 9. Qxd4 Nc5 10. Be3 Ng4 11. O-O-O Nxb3+ 12. axb3 Nxe3 13. Qxe3
Bxg5 14. fxg5 Bg4 15. Rd2 Qa5 16. Kb1 Qe5 17. h3 Be6 18. Re1 b6 19. h4 Bg4
20. g3 Rfe8 21. Qf4 Qxf4 22. gxf4 d5 23. Rg1 Bf3 24. exd5 cxd5 25. Nxd5
Rad8 26. c4 Bxd5 27. cxd5 Re4 28. Rf1 g6 29. Rf3 Rb4 30. Kc2 a5 31. d6 Rb5
32. Rd4 Kf8 33. Rc3 Ke8 34. Kd3 Rd7 35. Ke4 Kd8 36. Rcd3 f5+ 37. gxf6 Rf7
38. Rd5 Rxd5 39. Rxd5 Rxf6 40. f5 Kd7 41. fxg6 hxg6 42. b4 axb4 43. Rb5
Rxd6 44. Rxb4 1/2-1/2

[Event "HSG Open"]
[Site "Hilversum NED"]
[Date "2010.07.04"]
[Round "9"]
[White "Vogel,Ja"]
[Black "De Wit,Albert"]
[Result "1/2-1/2"]
[WhiteElo "2210"]
[BlackElo "1955"]
[EventDate "2010.06.26"]

1. Nf3 g6 2. g3 Bg7 3. d4 d6 4. Bg2 Nd7 5. c4 e5 6. Nc3 Ne7 7. e4 O-O 8.
O-O exd4 9. Nxd4 Nc6 10. Nxc6 bxc6 11. Qc2 a5 12. Be3 Nb6 13. b3 a4 14.
Rad1 axb3 15. axb3 Qe7 16. c5 dxc5 17. Na4 c4 18. Nxb6 cxb6 19. bxc4 Ba6
20. Bxb6 Qb4 21. Rb1 Qxc4 22. Qxc4 Bxc4 23. Rfc1 Bd3 24. Rb3 Bb5 25. Bf1
Rfe8 26. Bxb5 cxb5 27. Rxb5 Rxe4 28. Be3 Re7 29. Rbc5 h5 30. Rc7 1/2-1/2